| 000 | 00543cam a2200157Ia 4500 | ||
|---|---|---|---|
| 020 | _a9789251060766 | ||
| 020 | _a9251060762 | ||
| 040 | _cBTCTA | ||
| 082 | _a333 ROM 2009 C101 Or. | ||
| 245 | 0 | 0 |
_aSocio-economic impacts of non-transgenic biotechnologies in developing countries : _bthe case of plant micropropagation in Africa / |
| 300 |
_axii, 75 pages : _bcolor illustrations, color maps ; _c25 cm |
||
| 650 | 0 | _aCrops | |
| 700 | 1 | _aSonnino, Andrea. | |
| 710 | 2 | _aFood and Agriculture Organization of the United Nations. | |
| 942 | _cAEDBB | ||
| 999 |
_c20832 _d20832 |
||